Trends in immunology

Bibliographic Details
Previous Title:Immunology today (Online)
Format: Electronic Journal
Language:English
Published: [Oxford, U.K.] : Elsevier Science Ltd., ©2001-
Subjects:
Online Access:Full text available from Research Library: 01/01/2002 to 2 months ago

MARC

LEADER 00000nas a2200000 a 4500
001 ssj0015777
003 WaSeSS
005 20200512172242.0
006 m d
007 cr n
008 010215c20019999enkmr p s 0 0eng c
010 |a  2003233145 
015 |a GBB554292  |2 bnb 
016 7 |a 012435215  |2 Uk 
016 |a 012435215 
016 7 |a 2040190-5  |2 DE-600 
022 |a 1471-4981  |l 1471-4906  |y 1471-4906 
035 |a (WaSeSS)ssj0015777 
037 |b Trends in Immunology, Cell Press, 600 Technology Square, Cambridge, MA 02139, USA 
040 |a OH1  |b eng  |c OH1  |d OCLCQ  |d GUA  |d OCLCQ  |d FQM  |d U9S  |d GUA  |d CIT  |d OCLCQ  |d UKMGB  |d TXA  |d OCLCQ  |d OPELS  |d OCLCF  |d OCLCO  |d OCLCQ  |d OCLCO  |d OCLCQ  |d Z5A  |d OCLCO  |d VGM  |d OCLCQ  |d NLE  |d BUF  |d U3W  |d EZC  |d AU@  |d OCLCO  |d WYU  |d AUD  |d TKN  |d VT2  |d OCLCO  |d WaSeSS 
042 |a pcc 
050 1 4 |a QR180  |b .I539 
060 0 0 |a W1  |b IM53P 
082 0 4 |a 571.96  |2 23 
130 0 |a Trends in immunology (Online) 
210 0 |a Trends immunol.  |b (Online) 
222 0 |a Trends in immunology  |b (Online) 
245 1 0 |a Trends in immunology  |h [electronic resource]. 
260 |a [Oxford, U.K.] :  |b Elsevier Science Ltd.,  |c ©2001- 
310 |a Monthly 
362 1 |a Began with: Vol. 22, no. 1 (Jan. 2001). 
506 |a License restrictions may limit access. 
588 |a Description based on: Vol. 22, no. 1 (Jan. 2001); title from PDF article running title (ScienceDirect, viewed Nov. 14, 2011). 
588 |a Latest issue consulted: Vol. 32, no. 11 (Nov. 2011) (ScienceDirect, viewed Nov. 14, 2011). 
650 0 |a Immunology  |v Periodicals. 
650 6 |a Immunologie  |x Périodiques. 
650 7 |a Immunology.  |2 fast  |0 (OCoLC)fst00968006 
650 2 |a Allergy and Immunology. 
650 2 |a Allergy and Immunology  |v Periodicals. 
655 0 |a Electronic journals. 
776 0 8 |i Print version:  |t Trends in immunology  |x 1471-4906  |w (DLC) 2001229979  |w (OCoLC)45870852 
780 0 0 |t Immunology today (Online)  |w (OCoLC)38995055 
856 4 0 |z Full text available from Research Library: 01/01/2002 to 2 months ago  |u https://search.proquest.com/publication/2031073